000 00340cam a2200133ua 4500
041 _aeng
_h
082 _a822
_bDOB/FI
100 _aDobree, Bonamy .
245 _aFive heroic plays /
_cBonamy Dobree.
_hTextual Documents
260 _aLondon :
_bOxford University Press ,
_c1960.
300 _a417 ; .
942 _cBK
999 _c5858
_d5858